| 000 | 00437nam a22001577a 4500 | ||
|---|---|---|---|
| 003 | MACL | ||
| 005 | 20170119122254.0 | ||
| 008 | 170119b xxu||||| |||| 00| 0 eng d | ||
| 040 | _cMACL | ||
| 082 | _a800 | ||
| 100 |
_aभादू राजाराम _966592 |
||
| 245 | _aकला- प्रसंग | ||
| 260 |
_aजयपुर _bमोनिका प्रकाशन _c2015 |
||
| 650 |
_aलेख _966593 |
||
| 942 |
_2ddc _cHIN |
||
| 999 |
_c55957 _d55957 |
||